=LDR 00000nam 2200000 4500 =001 INLIS000000000031292 =005 20130612133354 =008 ***********************************ind** =035 ##$$0010-061300000031292 =041 ##$$a ind =082 ##$$a 636. 6 =090 ##$$a 636. 6 , Suk s =245 ##$$a Sukses berternak puyuh, Redaksi agromedia; penyunting, M.Topan Nixon =260 ##$$a 2007 $b Jakarta =300 ##$$a iv, 64 hlm. , ilus. , 20,5 cm =650 ##$$a PUYUH =850 ##$$a NBPNMAT